000 00744nam a2200241#a 4500
001 01603
003 HDC
007 ta
008 230623s2023 xx 000 0 eng d
040 _aHDC
050 _aHC445
_b.5 .P76 2010
110 _aMalaysia. Jabatan Perdana Menteri.
245 0 _aProgram transformasi ekonomi :
_ba hala tuju untuk Malaysia/
_cJabatan Perdana Menteri.
650 _aDeveloping countries
_xEconomic policy.
650 _aDevelopment economics.
650 _aEconomic stabilization
_zMalaysia.
650 _aMalaysia
_xEconomic policy
_y2000-.
700 _aMalaysia. Jabatan Perdana Menteri.
_bUnit Pengurusan Prestasi dan Pelaksanaan.
942 _2lcc
942 _cBK
942 _kHC445
942 _m.5 .P76 2010
999 _c23169
_d23169